<?xml version="1.0" encoding="UTF-8"?>
<record
    xmlns:xsi="http://www.w3.org/2001/XMLSchema-instance"
    xsi:schemaLocation="http://www.loc.gov/MARC21/slim http://www.loc.gov/standards/marcxml/schema/MARC21slim.xsd"
    xmlns="http://www.loc.gov/MARC21/slim">

  <leader>00341nam a2200145 a 4500</leader>
  <controlfield tag="003">SISC</controlfield>
  <controlfield tag="005">20190528132702.0</controlfield>
  <controlfield tag="008">100916s19uu    xx            00    eng d</controlfield>
  <datafield tag="050" ind1=" " ind2=" ">
    <subfield code="a">DVD</subfield>
    <subfield code="b">I8 2007</subfield>
  </datafield>
  <datafield tag="245" ind1=" " ind2=" ">
    <subfield code="a">Invisible wall :</subfield>
    <subfield code="b">autism /</subfield>
  </datafield>
  <datafield tag="260" ind1=" " ind2=" ">
    <subfield code="b">Standford University.</subfield>
    <subfield code="c">2007.</subfield>
  </datafield>
  <datafield tag="650" ind1=" " ind2=" ">
    <subfield code="a">DVD</subfield>
  </datafield>
  <datafield tag="650" ind1=" " ind2=" ">
    <subfield code="a">Autism</subfield>
  </datafield>
  <datafield tag="942" ind1=" " ind2=" ">
    <subfield code="c">AVM</subfield>
    <subfield code="2">lcc</subfield>
  </datafield>
  <datafield tag="999" ind1=" " ind2=" ">
    <subfield code="c">276271</subfield>
    <subfield code="d">276271</subfield>
  </datafield>
  <datafield tag="952" ind1=" " ind2=" ">
    <subfield code="0">0</subfield>
    <subfield code="1">0</subfield>
    <subfield code="4">0</subfield>
    <subfield code="a">CL</subfield>
    <subfield code="b">CL</subfield>
    <subfield code="c">AV</subfield>
    <subfield code="d">2010-09-16</subfield>
    <subfield code="e">Lib. Fund</subfield>
    <subfield code="g">6650.00</subfield>
    <subfield code="l">0</subfield>
    <subfield code="o">DVD I8 2007</subfield>
    <subfield code="p">AVM0085</subfield>
    <subfield code="r">2014-11-11 00:00:00</subfield>
    <subfield code="w">2014-04-12</subfield>
    <subfield code="y">AVM</subfield>
  </datafield>
</record>
